[Event "Titled Tuesday intern op 02nd Apr Early"]
[Site "Chess.com INT"]
[Date "2024.04.02"]
[Round "2"]
[White "Martinez Alcantara, Jose Eduardo"]
[Black "Zavgorodniy, Sergiy"]
[Result "1-0"]
[WhiteElo "2603"]
[BlackElo "2379"]
[PlyCount "81"]
[EventDate "2024.04.02"]
[EventType "swiss (blitz)"]
[EventRounds "11"]
[EventCountry "USA"]
[SourceTitle "CB15_2024"]
[SourceDate "2024.04.10"]
[SourceVersion "1"]
[SourceVersionDate "2024.04.10"]
[SourceQuality "1"]

1. e4 c6 2. d4 d5 3. e5 Bf5 4. h4 h5 5. Bd3 Bxd3 6. Qxd3 Qa5+ 7. b4 Qxb4+ 8. Nd2 e6 9. Rb1 Qe7 10. Ne2 Nh6 11. Nf3 Nf5 12. Ng3 g6 13. Bg5 Qd7 14. Nxf5 gxf5 15. 0-0 Be7 16. a4 Na6 17. Rb2 c5 18. Bxe7 Kxe7 19. Rfb1 c4 20. Qa3+ Ke8 21. Rxb7 Qd8 22. Ng5 Nc7 23. Qc5 Rc8 24. Rxa7 Qe7 25. Rxc7 Qxc7 26. Qxc7 Rxc7 27. Rb8+ Ke7 28. Rxh8 Ra7 29. Rh7 Rxa4 30. Rxf7+ Ke8 31. Rc7 Ra1+ 32. Kh2 Rc1 33. Nxe6 Rxc2 34. Ng5 Rxf2 35. e6 Rf4 36. Nf7 Rxh4+ 37. Kg1 Kf8 38. Nd6 Re4 39. Rf7+ Kg8 40. Nxe4 fxe4 41. Rf1 1-0

[Event "Titled Tuesday intern op 12th Mar Late"]
[Site "Chess.com INT"]
[Date "2024.03.12"]
[Round "7"]
[White "Anton Guijarro, David"]
[Black "Martinez Alcantara, Jose Eduardo"]
[Result "0-1"]
[WhiteElo "2671"]
[BlackElo "2603"]
[PlyCount "106"]
[EventDate "2024.03.12"]
[EventType "swiss (blitz)"]
[EventRounds "11"]
[EventCountry "USA"]
[SourceTitle "CB12_2024"]
[SourceDate "2023.10.01"]
[SourceVersion "1"]
[SourceVersionDate "2023.10.01"]
[SourceQuality "1"]

1. Nf3 c5 2. e3 Nf6 3. d4 Qc7 4. d5 d6 5. c4 g6 6. Nc3 Bg7 7. e4 0-0 8. Bd3 e5 9. 0-0 Na6 10. a3 Nh5 11. Re1 Nf4 12. Bxf4 exf4 13. Qd2 Bg4 14. Qxf4 Bxf3 15. Qxf3 Rae8 16. Rab1 Nb8 17. Nb5 Qb6 18. g3 a6 19. Nc3 Qa5 20. Qd1 Nd7 21. Qc2 Bd4 22. Kg2 Re7 23. Ne2 Bg7 24. Ng1 Rfe8 25. Re2 Ne5 26. Nf3 Nd7 27. Rbe1 b5 28. h4 b4 29. Ra1 Rb8 30. Qd2 Qb6 31. Qg5 Ree8 32. h5 Ne5 33. h6 Nxf3 34. Kxf3 Bd4 35. a4 b3 36. a5 Qc7 37. Kg2 f6 38. Qg4 Qf7 39. f4 Kh8 40. Ra3 Rb4 41. Re1 Bxb2 42. Raa1 Bxa1 43. Rxa1 b2 44. Rb1 Qf8 45. Qh4 Qe7 46. Qg4 Reb8 47. Kh2 Rb3 48. Bf1 Rf8 49. Bg2 f5 50. exf5 gxf5 51. Qh5 Qf6 52. Bh3 Qg6 53. Qd1 Qxg3+ 0-1

[Event "Titled Tuesday intern op 12th Mar Late"]
[Site "Chess.com INT"]
[Date "2024.03.12"]
[Round "11"]
[White "Caspi, Israel"]
[Black "Martinez Alcantara, Jose Eduardo"]
[Result "1-0"]
[WhiteElo "2462"]
[BlackElo "2603"]
[PlyCount "121"]
[EventDate "2024.03.12"]
[EventType "swiss (blitz)"]
[EventRounds "11"]
[EventCountry "USA"]
[SourceTitle "CB12_2024"]
[SourceDate "2023.10.01"]
[SourceVersion "1"]
[SourceVersionDate "2023.10.01"]
[SourceQuality "1"]

1. e4 a6 2. d4 e6 3. Bd3 d5 4. e5 c5 5. c3 Bd7 6. Nf3 cxd4 7. cxd4 Bb5 8. Bxb5+ axb5 9. 0-0 Nc6 10. Nc3 Qb6 11. Qd3 b4 12. Ne2 Nge7 13. Nf4 Nf5 14. Be3 Qa6 15. Qb1 g6 16. g4 Nxe3 17. fxe3 Be7 18. Kg2 Rc8 19. Rc1 Kd7 20. Nd3 Qb5 21. Nc5+ Ke8 22. Qd3 Qxd3 23. Nxd3 Kd8 24. Rc2 b6 25. Rac1 Kd7 26. b3 Na7 27. Rxc8 Nxc8 28. h4 Na7 29. Ng5 Bxg5 30. hxg5 Nc6 31. Kg3 Ra8 32. Rc2 Ra7 33. Rh2 Ke7 34. Kf3 Ra8 35. Rc2 Kd7 36. Ke2 Rh8 37. Kf3 h5 38. gxh6 Rxh6 39. Rf2 Rh1 40. Kg2 Rh7 41. Ne1 Ke7 42. Nf3 Nd8 43. Ng5 Rh4 44. Rf4 Rh8 45. Rf3 Ke8 46. Rh3 Rf8 47. Nh7 Rg8 48. Nf6+ Kf8 49. Nxg8 Kxg8 50. Rh1 Kf8 51. Rc1 Ke8 52. Rc7 Kf8 53. Kf3 Ke8 54. Kf4 f5 55. exf6 Nf7 56. Re7+ Kf8 57. Rxe6 Nh6 58. Rxb6 g5+ 59. Kxg5 Nf7+ 60. Kf5 Nd8 61. Rb8 1-0

[Event "Titled Tuesday intern op 12th Mar Early"]
[Site "Chess.com INT"]
[Date "2024.03.12"]
[Round "3"]
[White "Martinez Alcantara, Jose Eduardo"]
[Black "Schmakel, Sam A"]
[Result "1-0"]
[WhiteElo "2603"]
[BlackElo "2457"]
[PlyCount "155"]
[EventDate "2024.03.12"]
[EventType "swiss (blitz)"]
[EventRounds "11"]
[EventCountry "USA"]
[SourceTitle "CB12_2024"]
[SourceDate "2023.10.01"]
[SourceVersion "1"]
[SourceVersionDate "2023.10.01"]
[SourceQuality "1"]

1. e4 g6 2. d4 Bg7 3. c3 d6 4. Bd3 Nc6 5. Nf3 e5 6. h3 Nf6 7. 0-0 0-0 8. Re1 h6 9. Nbd2 Nh5 10. dxe5 dxe5 11. Nc4 Be6 12. Bf1 Qf6 13. Ne3 Ne7 14. Ng4 Bxg4 15. hxg4 Nf4 16. Qb3 b6 17. g3 Nd3 18. Bxd3 Qxf3 19. Qd1 Qxd1 20. Rxd1 Rfd8 21. Be3 Nc8 22. Bb5 Nd6 23. Bc6 Rab8 24. b3 Kf8 25. a4 a5 26. Kf1 Ke7 27. Ke2 f5 28. gxf5 gxf5 29. Rh1 Nxe4 30. Bxe4 fxe4 31. Rh4 Rd3 32. Rc1 Rbd8 33. Rxe4 R3d5 34. Rh4 R8d6 35. c4 Rd3 36. c5 R6d5 37. cxb6 cxb6 38. Rc7+ Rd7 39. Rg4 Bf6 40. Rxd7+ Rxd7 41. Rg6 Rb7 42. Rxh6 Rb8 43. Rh7+ Ke6 44. g4 b5 45. Ra7 bxa4 46. bxa4 Bd8 47. Ra6+ Kf7 48. Rd6 Be7 49. Rd5 Bb4 50. Rxe5 Rc8 51. Bb6 Rc4 52. f3 Rc2+ 53. Kf1 Rc3 54. Kg2 Rc2+ 55. Kf1 Rc3 56. Rf5+ Ke6 57. Ke2 Rc2+ 58. Kd3 Rc3+ 59. Kd4 Ra3 60. Bxa5 Bxa5 61. Rxa5 Rxf3 62. g5 Rf4+ 63. Ke3 Rg4 64. Kf3 Rc4 65. Kg3 Kf7 66. Kf3 Kg6 67. Ke3 Rg4 68. Kd3 Rf4 69. Kc3 Rg4 70. Kb3 Rg3+ 71. Kb2 Rg4 72. Ra8 Rd4 73. Rg8+ Kf7 74. Ra8 Kg6 75. Kc3 Re4 76. a5 Kxg5 77. a6 Ra4 78. a7 1-0

[Event "Titled Tuesday intern op 12th Mar Late"]
[Site "Chess.com INT"]
[Date "2024.03.12"]
[Round "5"]
[White "Yoo, Christopher Woojin"]
[Black "Martinez Alcantara, Jose Eduardo"]
[Result "1-0"]
[WhiteElo "2583"]
[BlackElo "2603"]
[PlyCount "83"]
[EventDate "2024.03.12"]
[EventType "swiss (blitz)"]
[EventRounds "11"]
[EventCountry "USA"]
[SourceTitle "CB12_2024"]
[SourceDate "2023.10.01"]
[SourceVersion "1"]
[SourceVersionDate "2023.10.01"]
[SourceQuality "1"]

1. d4 Nf6 2. c4 e6 3. Nc3 Bb4 4. a3 Bxc3+ 5. bxc3 c5 6. e3 Nc6 7. Bd3 d6 8. Ne2 e5 9. 0-0 0-0 10. Rb1 Re8 11. Bc2 Na5 12. e4 h6 13. Ng3 Nxc4 14. f4 cxd4 15. cxd4 a6 16. a4 b5 17. axb5 axb5 18. Rxb5 Ba6 19. Rb1 Na5 20. Rf2 Nc6 21. Ba4 Rc8 22. d5 Nd4 23. Bxe8 Qxe8 24. Be3 Rc4 25. fxe5 Qxe5 26. Bf4 Qe7 27. Ra2 Bc8 28. Qd3 Qc7 29. Bxd6 Rc1+ 30. Nf1 Qc4 31. Qxc4 Rxc4 32. Nd2 Rc3 33. Be5 Rd3 34. Bxd4 Rxd4 35. Rb8 Kh7 36. Rxc8 Ng4 37. h3 Ne5 38. Kf2 f6 39. Nf3 Rxe4 40. Nxe5 Rxe5 41. Rd2 Re8 42. Rxe8 1-0

[Event "Titled Tuesday intern op 13th Feb Late"]
[Site "Chess.com INT"]
[Date "2024.02.13"]
[Round "5"]
[White "Durarbayli, Vasif"]
[Black "Martinez Alcantara, Jose Eduardo"]
[Result "1-0"]
[WhiteElo "2627"]
[BlackElo "2610"]
[PlyCount "69"]
[EventDate "2024.02.13"]
[EventType "swiss (blitz)"]
[EventRounds "11"]
[EventCountry "USA"]
[SourceTitle "CB08_2024"]
[SourceDate "2024.02.21"]
[SourceVersion "1"]
[SourceVersionDate "2024.02.21"]
[SourceQuality "1"]

1. e4 c5 2. Nf3 d6 3. d4 cxd4 4. Nxd4 a6 5. c4 e6 6. Nc3 Nf6 7. Be2 b6 8. Be3 Bb7 9. Qc2 Nbd7 10. g4 h6 11. h4 Rc8 12. 0-0-0 Ne5 13. g5 Nfg4 14. g6 Qf6 15. Qa4+ Ke7 16. Nd5+ exd5 17. Nf5+ Kd8 18. Bxb6+ Rc7 19. Qa5 Kc8 20. Bxc7 fxg6 21. cxd5 Nxf2 22. Kb1 Nxe4 23. Bxa6 Bxa6 24. Qxa6+ Kxc7 25. Nd4 Nc5 26. Qa7+ Kd8 27. Rhe1 Be7 28. Nc6+ Ke8 29. Qb8+ Kd7 30. Qxh8 Bf8 31. Nxe5+ dxe5 32. Rf1 Qxh4 33. Qxf8 Qe4+ 34. Ka1 Nb3+ 35. axb3 1-0